| Tag |
First Indicator |
Second Indicator |
Subfields |
| LEADER |
00000cgm a2200000 a 4500 |
| 001 |
in00000032006 |
| 005 |
20151007055015.0 |
| 007 |
vf cbahou |
| 008 |
890420s1986 xxu014 g vleng d |
| 035 |
|
|
|a (OCoLC)19578233
|
| 035 |
|
|
|9 AAB6969AM
|
| 040 |
|
|
|a UUS
|c UUS
|d TXA
|d UtOrBLW
|
| 049 |
|
|
|a TXAV [A10161512]
|
| 090 |
|
|
|a QE511.4
|b .P56 1986
|
| 245 |
0 |
0 |
|a Plate tectonics /
|c Educational Materials and Equipment Corporation ; produced by Thomas J. McMahon ; written by John S. Moyle.
|
| 264 |
|
1 |
|a Danbury, CT :
|b EME Corporation,
|c [1986?]
|
| 300 |
|
|
|a 1 videocassette (14 min.) :
|b sound, color ;
|c 1/2 in.
|
| 336 |
|
|
|a two-dimensional moving image
|b tdi
|2 rdacontent
|
| 337 |
|
|
|a video
|b v
|2 rdamedia
|
| 338 |
|
|
|a videocassette
|b vf
|2 rdacarrier
|
| 500 |
|
|
|a VHS format.
|
| 511 |
0 |
|
|a Narrator, Larry Robinson.
|
| 520 |
|
|
|a Traces Wegener's ideas on continental drift to the discoveries of the mid-ocean ridges, trenches, sea-floor spreading, transform faults and the global parttern of shifting tectonic plates.
|
| 521 |
|
|
|a Oceanography
|
| 500 |
|
|
|a Videorecording.
|
| 651 |
|
0 |
|a Earth (Planet)
|x Internal structure.
|
| 650 |
|
0 |
|a Geophysics
|x Study and teaching.
|
| 650 |
|
0 |
|a Earth movements.
|
| 710 |
2 |
|
|a Education Materials and Equipment Corporation.
|
| 999 |
|
|
|a MARS
|
| 999 |
f |
f |
|s 86c6f92e-557c-3250-ac91-20d1f39c2807
|i e3c9f946-bcdf-3ecc-9743-645915eaf622
|t 0
|
| 952 |
f |
f |
|p ric
|a Texas A&M University
|b Rellis Campus
|c Joint Library Facility
|d Remote Storage
|t 0
|e QE511.4 .P56 1986
|h Library of Congress classification
|i video -- videocassette
|m A14810161512
|
| 998 |
f |
f |
|a QE511.4 .P56 1986
|t 0
|l Remote Storage
|